000 00637nam a2200253Ia 4500
003 OSt
005 20221007074622.0
006 a|||||r|||| 00| 0
007 ta
008 221006b |||||||| |||| 00| 0 eng d
024 _a7,763
037 _cTextual
040 _aFLL
_cFLL
_beng
041 _2eng
_aeng
082 _aXM55:Z2qN56, N8.3
100 _aRamaiya A.
245 0 _aCompanies act
250 _a14th
260 _aNagpur
_bWadhwa & Company India
_c1998
300 _axxxiii,5716p,25p
_ccm.
490 _v3
942 _hXM55:Z2qN56, N8.3
_cTEXL
_2CC
999 _c1153087
_d1153087